Sprimad Bhagavatam : (Record no. 28214)

MARC details
000 -LEADER
campo de control de longitud fija 00642nam a22002177a 4500
001 - NÚMERO DE CONTROL
campo de control 00028198
005 - FECHA Y HORA DE LA ÚLTIMA TRANSACCIÓN
campo de control 20260212172221.0
008 - DATOS DE LONGITUD FIJA--INFORMACIÓN GENERAL
campo de control de longitud fija 260212b ag ||||| |||| 00| 0 spa d
020 ## - NÚMERO INTERNACIONAL ESTÁNDAR DEL LIBRO
Número Internacional Estándar del Libro 8464883059
040 ## - FUENTE DE CATALOGACIÓN
Centro catalogador/agencia de origen AR-CcCEOS
Lengua de catalogación Español; Castellano
Centro/agencia transcriptor AR-CcCEOS
041 ## - CÓDIGO DE IDIOMA
Código de lengua del texto/banda sonora o título independiente Español; Castellano
080 ## - NÚMERO DE LA CLASIFICACIÓN DECIMAL UNIVERSAL
Número de la Clasificación Decimal Universal 294.592
090 ## - LOCALMENTE ASIGNADO TIPO-LC NÚMERO DE CLASIFICACIÓN (OCLC); NÚMERO DE CLASIFICACIÓN LOCAL (RLIN)
Número cutter local (OCLC) ; Número de libro/Signatura topográfica íntegra, CALL (RLIN) PRA
100 0# - ENTRADA PRINCIPAL--NOMBRE DE PERSONA
Nombre de persona A. C. Bhaktivedanta Swami Prabhupada,
Fechas asociadas al nombre 1896-1977
9 (RLIN) 500
245 ## - MENCIÓN DEL TÍTULO
Título Sprimad Bhagavatam :
Resto del título canto cuarto 2 /
Mención de responsabilidad, etc. Bhaktivedanta Swami Prabhupada
250 ## - MENCION DE EDICION
Mención de edición 1a ed.
260 ## - PUBLICACIÓN, DISTRIBUCIÓN, ETC.
Lugar de publicación, distribución, etc. España :
Nombre del editor, distribuidor, etc. the bhaktivedanta book trust,
Fecha de publicación, distribución, etc. c1991.
300 ## - DESCRIPCIÓN FÍSICA
Extensión 878 p. ;
Dimensiones 21x14 cm.
655 #0 - TERMINO DE INDIZACIÓN--GENERO/FORMA
Datos o término principal de género/forma religión
9 (RLIN) 501
Subdivisión de forma hinduismo
942 ## - ELEMENTOS DE ENTRADA SECUNDARIOS (KOHA)
Fuente de la clasificación o esquema de estantería Clasificación decimal universal
Tipo de ítem Koha Libros
Suprimir en OPAC No
Holdings
Estatus retirado Estado de pérdida Fuente de la clasificación o esquema de estantería Estado de daño No para préstamo Biblioteca de origen Biblioteca actual Fecha de adquisición Número de inventario Total de préstamos Signatura topográfica completa Información codificada de la localización en otra ubicación Colección Código de barras Visto por última vez Precio de reemplazo Tipo de ítem Koha
    Clasificación decimal universal     Biblioteca Julio Serebrinsky Biblioteca Julio Serebrinsky 12/02/2026 45590   294.592 PRA SER 45590 12/02/2026 12/02/2026 Libros